000 00657cam a22002411 4500
001 sa 67001934
003 DLC
005 20260227112326.0
008 890613s1963 ii 000 0 urdr
010 _asa 67001934
035 _a(OCoLC)19864096
040 _aDLC
_cWaU
_dDLC
042 _apremarc
050 0 0 _aBP130
_b.A25
100 1 _aʻAbdulqādir, Abulfidā Muḥammad,
_d1911-
245 1 0 _aSarcashmay-yi Qurʼān.
260 _c[1963?]
300 _a348 p.
_c18 cm.
500 _aCover title.
500 _aIn Urdu.
630 0 0 _aQurʼan
_xEvidences, authority, etc.
700 1 _aTisdall, William St. Clair,
_d1859-1928.
_tSources of Islam.
999 _c72944
_d72944